Online
Catalog

El zarandeo del adventismo / (Record no. 37856)

MARC details
000 -CABECERA
campo de control de longitud fija 00551nam a2200145 a 4500
001 - NÚMERO DE CONTROL
campo de control 000038366
005 - FECHA Y HORA DE LA ÚLTIMA TRANSACCIÓN
campo de control 20201002031235.0
008 - DATOS DE LONGITUD FIJA--INFORMACIÓN GENERAL
campo de control de longitud fija 130409s1981 xxu 000 0 spa d
040 ## - FUENTE DE LA CATALOGACIÓN
Centro catalogador/agencia de origen DO-SdBNP
Lengua de catalogación spa
Centro/agencia transcriptor BNPHU
100 1# - ENTRADA PRINCIPAL--NOMBRE DE PERSONA
Nombre de persona Paxton, Geoffrey J.
9 (RLIN) 64723
245 13 - MENCIÓN DE TÍTULO
Título El zarandeo del adventismo /
Mención de responsabilidad, etc. Geoffrey J. Paxton.
246 14 - FORMA VARIANTE DE TÍTULO
Título propio/Titulo breve El zarandeo del adventismo:
Resto del título informe documentado de la crisis interna adventista sobre la doctrina de la justificación por la fe
260 ## - PUBLICACIÓN, DISTRIBUCIÓN, ETC.
Lugar de publicación, distribución, etc. Michigan :
Nombre del editor, distribuidor, etc. Casa Bautista de Publicaciones,
Fecha de publicación, distribución, etc. 1981.
300 ## - DESCRIPCIÓN FÍSICA
Extensión 172 p. ;
Dimensiones 23 cm.
Holdings
Estado de retiro Estado de pérdida Restricciones de uso No para préstamo Código de colección Localización permanente Ubicación/localización actual Ubicación en estantería Fecha de adquisición Número de inventario Total de préstamos Signatura topográfica completa Código de barras Fecha visto por última vez Número de copia Precio válido a partir de Tipo de ítem Koha
      Excluido de préstamo Monografías: Libros y Folletos General General En catalogación 09.04.2013 LF1   38366-10 25.06.2020 e. 3 25.06.2020 No se presta

Powered by Koha